000 00318nam a2200121Ia 4500
008 180730s9999||||xx |||||||||||||| ||und||
082 _a823
_bMET/U
100 _aMetcalf, George R.
245 0 _aUp From Within Today's New Black Leaders
260 _aNew Delhi
_bFor Eastern Book Co.
_c1973
300 _a302
942 _cBK
999 _c1648
_d1648